[Event "ch-FRA National B"]
[Site "Caen FRA"]
[Date "2011.08.23"]
[Round "8"]
[White "Vaisser,A"]
[Black "Shirazi,K"]
[Result "0-1"]
[WhiteElo "2536"]
[BlackElo "2352"]
[EventDate "2011.08.15"]

1. d4 Nf6 2. c4 b6 3. Nc3 Bb7 4. Nf3 g6 5. d5 Bg7 6. e4 O-O 7. Bd3 e5 8.
Bg5 h6 9. Bh4 d6 10. Nd2 Nbd7 11. g4 c6 12. Nf1 a6 13. Ne3 b5 14. O-O Nc5
15. f3 Nxd3 16. Qxd3 bxc4 17. Nxc4 cxd5 18. exd5 a5 19. Rac1 Ba6 20. Ne4
Bxc4 21. Rxc4 Qb6+ 22. Bf2 Qxb2 23. Rb1 Qxa2 24. Nc3 e4 25. fxe4 Qxf2+ 26.
Kxf2 Nxg4+ 27. Kg2 Ne5 28. Qe2 Nxc4 29. Nb5 Ne5 30. Nxd6 a4 31. Qa2 Ra6 32.
Nb7 Rc8 33. d6 a3 34. Rb3 Rb8 35. Nc5 Rxb3 36. Nxb3 Bf8 37. Qe2 Rxd6 38.
Qb5 Rd3 39. Nc1 Rd2+ 40. Kg3 Bd6 41. Qa6 h5 42. h4 Ng4+ 43. e5 Bxe5+ 44.
Kf3 Bb2 45. Na2 Kg7 46. Qa5 Rh2 47. Nb4 Be5 48. Nd3 Rh3+ 49. Ke2 Bf6 50.
Nb4 Rb3 51. Nd3 Bxh4 52. Qa4 Rc3 53. Nf4 Re3+ 54. Kd2 Bg5 55. Kc2 Nf6 56.
Nd3 Re2+ 57. Kb3 a2 58. Nb4 Ne4 59. Qa7 Nc3 60. Qd4+ Bf6 61. Qa7 Rb2+ 0-1

[Event "ch-FRA National B"]
[Site "Caen FRA"]
[Date "2011.08.23"]
[Round "8"]
[White "Abergel,T"]
[Black "Apicella,M"]
[Result "0-1"]
[WhiteElo "2504"]
[BlackElo "2540"]
[EventDate "2011.08.15"]

1. b3 e5 2. Bb2 d6 3. e4 Nf6 4. Nc3 Nc6 5. Bc4 Be7 6. Nge2 Na5 7. Bd3 O-O
8. O-O c5 9. Kh1 a6 10. a4 d5 11. exd5 Nxd5 12. Nxd5 Qxd5 13. f4 Nxb3 14.
fxe5 Nxa1 15. Nf4 Qc6 16. e6 Bxe6 17. Bxa1 Bg5 18. Nh5 Bh3 19. Rf3 Bg4 20.
Rxf7 Rxf7 21. Qxg4 Re8 0-1

[Event "ch-FRA National B"]
[Site "Caen FRA"]
[Date "2011.08.24"]
[Round "9"]
[White "Apicella,M"]
[Black "Libiszewski,F"]
[Result "1/2-1/2"]
[WhiteElo "2540"]
[BlackElo "2480"]
[EventDate "2011.08.15"]

1. e4 e6 2. d4 d5 3. Nc3 Nf6 4. e5 Nfd7 5. f4 c5 6. Nf3 Nc6 7. Be3 cxd4 8.
Nxd4 Bc5 9. Qd2 O-O 10. O-O-O Bxd4 11. Bxd4 Qa5 12. Kb1 Rb8 13. Nb5 Qxd2
14. Rxd2 a6 15. Nd6 Nxd4 16. Rxd4 f6 17. exf6 Nxf6 18. Nxc8 Rfxc8 19. g3
Kf7 20. Bh3 Rc6 21. Re1 Re8 22. a4 g6 23. Re3 Nd7 24. a5 b5 25. axb6 Rxb6
26. Rc3 Reb8 27. b3 Ke7 28. Ra4 Kd6 29. Ra5 Ra8 30. Re3 Nc5 31. Re5 Rab8
32. Kb2 Rb4 33. Rxa6+ Nxa6 34. Rxe6+ Kc5 35. Rxa6 Re8 36. Ra5+ Kd6 37. Kc3
Rbb8 38. Ra6+ Kc5 39. Ra5+ Kd6 40. Ra6+ Kc5 41. Be6 Re7 42. f5 gxf5 43.
Bxf5 d4+ 44. Kd2 Rb6 45. Ra5+ Rb5 46. Ra8 Kd6 47. Ra6+ Kc7 48. Ra7+ Kd6 49.
Ra6+ Kc7 50. g4 h5 51. Kd3 hxg4 52. Ra7+ Kd6 53. Rxe7 Kxe7 54. Bxg4 Rc5 55.
Bd1 Rc7 56. Bg4 Kd6 57. Kxd4 Rxc2 58. h3 1/2-1/2

[Event "ch-FRA National B"]
[Site "Caen FRA"]
[Date "2011.08.24"]
[Round "9"]
[White "Moussard,J"]
[Black "Vaisser,A"]
[Result "0-1"]
[WhiteElo "2426"]
[BlackElo "2536"]
[EventDate "2011.08.15"]

1. g3 e5 2. Bg2 d6 3. Nf3 g6 4. d4 exd4 5. Qxd4 Nf6 6. Bg5 Bg7 7. Qe3+ Qe7
8. Qxe7+ Kxe7 9. Nc3 c6 10. O-O-O Nbd7 11. e4 h6 12. Bf4 Ne8 13. Bh3 Ne5
14. Bxc8 Rxc8 15. Nxe5 Bxe5 16. Be3 b6 17. Ne2 Nc7 18. Rd3 d5 19. Rhd1 dxe4
20. Rd7+ Ke6 21. Bf4 Nd5 22. Bxe5 Kxe5 23. a3 Ke6 24. Rxa7 Rhd8 25. Nd4+
Kf6 26. Re1 Re8 27. c4 Nc7 28. Rb7 Na8 29. Re3 b5 30. cxb5 cxb5+ 31. Kb1
Ke5 32. Nxb5 f5 33. Nc3 Nc7 34. Re2 Ne6 35. Rb6 Rb8 36. Ra6 Ra8 37. f4+ Kf6
38. Nd5+ Kf7 39. Rxe6 Rxe6 40. Nc7 Rd8 41. Nxe6 Kxe6 42. Kc2 Rc8+ 43. Kb3
Rb8+ 44. Kc4 Rc8+ 45. Kb5 Rb8+ 46. Kc6 Rc8+ 47. Kb6 Rc4 48. Kb5 Kd5 49. a4
Rc5+ 50. Kb4 Rc4+ 51. Ka3 Rc1 52. Kb4 Rc4+ 53. Kb3 Rd4 54. Ka3 Kc4 55. b3+
Kd3 56. Re1 Kd2 57. Ra1 e3 58. a5 e2 59. b4 Ke3 60. Re1 Rd1 61. Rxe2+ Kxe2
62. Ka4 Kd3 63. Kb5 Kc3 64. a6 Ra1 65. h4 h5 0-1

[Event "ch-FRA National B"]
[Site "Caen FRA"]
[Date "2011.08.24"]
[Round "9"]
[White "Lagarde,Max"]
[Black "Wirig,A"]
[Result "1/2-1/2"]
[WhiteElo "2433"]
[BlackElo "2510"]
[EventDate "2011.08.15"]

1. c4 Nf6 2. Nc3 e6 3. e4 e5 4. Nf3 Nc6 5. d4 exd4 6. Nxd4 Bb4 7. Nxc6 bxc6
8. Bd3 Bxc3+ 9. bxc3 O-O 10. O-O Re8 11. Re1 d5 12. cxd5 cxd5 13. Bg5 dxe4
14. Rxe4 Bb7 15. Rd4 Qe7 16. Bxf6 Qxf6 17. Bxh7+ Kf8 18. Rb1 Qc6 19. f3
Qxc3 20. Qd2 Qxd2 21. Rxd2 Ba6 22. Be4 Rad8 23. Rc2 Re7 24. Rb3 g6 25. Ra3
Rd6 26. Rc6 Bb5 27. Rc5 a6 28. Rd5 f5 29. Rxd6 cxd6 30. Bd5 Re1+ 31. Kf2
Rd1 32. Bb7 Rd2+ 1/2-1/2

[Event "ch-FRA National B"]
[Site "Caen FRA"]
[Date "2011.08.24"]
[Round "9"]
[White "Fargere,Fr"]
[Black "Cornette,M"]
[Result "1/2-1/2"]
[WhiteElo "2492"]
[BlackElo "2568"]
[EventDate "2011.08.15"]

1. e4 e6 2. d4 d5 3. Nc3 Nf6 4. Bg5 dxe4 5. Nxe4 Be7 6. Bxf6 gxf6 7. Nf3 f5
8. Nc3 a6 9. g3 b5 10. Bg2 Bb7 11. O-O O-O 12. Ne5 Bxg2 13. Kxg2 b4 1/2-1/2

[Event "ch-FRA National B"]
[Site "Caen FRA"]
[Date "2011.08.25"]
[Round "10"]
[White "Wirig,A"]
[Black "Prie,E"]
[Result "0-1"]
[WhiteElo "2510"]
[BlackElo "2490"]
[EventDate "2011.08.15"]

1. e4 d5 2. exd5 Qxd5 3. Nc3 Qa5 4. d4 Nf6 5. Nf3 Bf5 6. Ne5 c6 7. Nc4 Qd8
8. Be2 e6 9. g4 Bg6 10. f4 h5 11. g5 Ne4 12. Ne5 Bb4 13. Nxg6 Nxc3 14. bxc3
Bxc3+ 15. Kf1 fxg6 16. Rb1 O-O 17. Kg2 Bxd4 18. Qd3 Na6 19. Qxg6 Nc5 20.
Rd1 Qd5+ 21. Bf3 Qxa2 22. Rb4 e5 23. fxe5 Rxf3 24. Rbxd4 Raf8 25. Kg1 Qa6
26. c4 Qa2 27. Bd2 Qb2 0-1

[Event "ch-FRA National B"]
[Site "Caen FRA"]
[Date "2011.08.25"]
[Round "10"]
[White "Abergel,T"]
[Black "Moussard,J"]
[Result "1-0"]
[WhiteElo "2504"]
[BlackElo "2426"]
[EventDate "2011.08.15"]

1. e4 c5 2. Nf3 d6 3. Bc4 Nc6 4. d4 cxd4 5. Nxd4 Nf6 6. Nc3 Qb6 7. Ndb5 a6
8. Be3 Qa5 9. Nd4 Nxe4 10. Qf3 f5 11. Nxc6 bxc6 12. O-O-O d5 13. Nxe4 dxe4
14. Qg3 e6 15. f3 Qb4 16. Qc7 Be7 17. Qxc6+ Kf7 18. a3 Qb8 19. fxe4 f4 20.
Rhf1 Bf6 21. Bd4 Ra7 22. Bxf6 gxf6 23. Qc5 h5 24. g3 Rc7 25. Qd6 Rb7 26.
Qxf4 Qxf4+ 27. Rxf4 Ke7 28. Bxa6 1-0

[Event "ch-FRA National B"]
[Site "Caen FRA"]
[Date "2011.08.25"]
[Round "10"]
[White "Libiszewski,F"]
[Black "Shirazi,K"]
[Result "1-0"]
[WhiteElo "2480"]
[BlackElo "2352"]
[EventDate "2011.08.15"]

1. e4 c5 2. Nf3 d6 3. d4 Nf6 4. dxc5 Nxe4 5. cxd6 e6 6. Na3 a6 7. Nc4 b5 8.
Qd4 Nxd6 9. Nb6 Nc6 10. Qc5 Bb7 11. Nxa8 Ne4 12. Qe3 Nb4 13. Qe2 Bc5 14.
Be3 Bxe3 15. fxe3 Bxa8 16. c3 Qa5 17. cxb4 Qxb4+ 18. Nd2 Qxb2 19. Rb1 Qxa2
20. Rc1 O-O 21. Nxe4 Qa3 22. Nf6+ gxf6 23. Qd2 b4 24. Bc4 b3 25. Qc3 Rc8
26. O-O Bd5 27. Qxf6 Bxc4 28. Qxf7+ Kh8 29. Qf6+ Kg8 30. Rxc4 1-0